1697 1632 1315 1173 1527 1460 1390 1753 1581 1703 1710 1203 1183 1052 1074 1804 1615 1780 1018 1032 1681 1183 1323 1563 1422 1374 1568 1857 1965 1941 1040 1811 1179 1585 1544 1744 1110 1295 1863 1338 1123 1416 1290 1441 1181 1293 1126 1877 1694 1504 1078 1461 1174 1623 1613 1321 1674 1427 1010 1217 1250 1413 1614 1683 1751 1544 1434 1017 1761 1645 1601 1110 1704 1237 1405 1907 1966 1032 1609 1887 1902 1189 1436 1943 1846 1571 1554 1721 1218 1973 1413 1279 1198 1958 1026 1167 1275 1263 1563 BCNSPRNW ULIB Ver.6.0+V

เปลี่ยนเป็นภาษาไทย

Change to English
 แสดงรายละเอียดบรรณานุกรม
  กลับหน้าหลัก

Brief Record : Get Marc (ISO 2709) : E-mail record : QR code < ปิดหน้าต่าง
LEADER : 00000nam 2200000uu 4500
001    13399128003
003     ULIB
008    211222s2557||||th 000 0 tha d
020    ^a9786162796043
050  4 ^aHF5549.5.J63^bอ148ก^cล.6
100 0  ^aอธิวัฒน์ เจี่ยวิวรรธน์กุล
245 10 ^aสรรสาระองค์กรแห่งความสุข เล่ม 6 การพัฒนาศักยภาพแกนนำสร้างสุข /^cหัวหน้าโครงการ, อธิวัฒน์ เจี่ยวิวรรธน์กุล; ผู้เขียน, ลลิดา มาไพศาลทรัพย์ ... [และคนอื่น ๆ ]
250    ^aพิมพ์ครั้งที่ 1
260    ^aกรุงเทพฯ :^bมหาวิทยาลัยมหิดล,^c2557,
300    ^a116 หน้า :^bภาพประกอบ ;^c21 ซม
490 1  ^aสรรสาระองค์กรแห่งความสุข ;^vล.1
500    ^aผู้แต่ง, ทิพวัลย์ รามรง, สิทธิพร กล้าแข็ง, ศราวุธ ทาคำ
500    ^aสนับสนุนโดย สำนักงานกองทุนสนับสนุนการสร้างเสริมสุขภาพ
505 0  ^aคำนำ -- ย่างก้าวสู่การเป็น "องค์กรแห่งความสุข"บทเรียนการขับเคลื่อนองค์กรสุขภาวะจากสภาอุตสาหกรรมจังหวัดฉะเชิงเทรา /ลลิดา มาไพศาลทรัพย์ -- "ตรังโมเดล" การขับเคลื่อนโครงการ HappyWorkplace ด้วยวงจร PDCA แบบครบวงจร / ทิพวัลย์ รามรง -- HappyMoney หนึ่งความสุขสำคัญขององค์กร / สิทธิพร กล้าแข็ง --การศึกษาดูงานเพื่อพัฒนาองค์กรแห่งความสุข / ศราวุธ ทาคำ
650  0 ^aJob satisfaction
650  4 ^aความสุขในการทำงาน
650  4 ^aความพอใจในการทำงาน
650  4 ^aคุณภาพชีวิตการทำงาน
700 0  ^aทิพวัลย์ รามรง
700 0  ^aสิทธิพร กล้าแข็ง
700 0  ^aศราวุธ ทาคำ
710 2  ^aมหาวิทยาลัยมหิดล.^bสถาบันแห่งชาติเพื่อการพัฒนาเด็กและครอบครัว.^bโครงการพัฒนากลไกทางวิชาการเพื่อสนับสนุนงานสร้างเสริมสุขภาวะองค์กร
710 2  ^aมหาวิทยาลัยมหิดล.^bคณะสังคมศาสตร์และมนุษยศาสตร์
710 2  ^aสำนักงานกองทุนสนับสนุนการสร้างเสริมสุขภาพ
830  0 ^aสรรสาระองค์กรแห่งความสุข ;^vล.6
945    ^p0^l0^i008601
999    ^aประนอม เกษจรัล
รายการนี้ยังไม่มีแท็ก
คุณยังไม่ได้ล็อกอิน คุณสามารถมีกิจกรรมร่วมกับเว็บไซต์ได้ แต่ต้องล็อกอินก่อน ::
  ล็อกอิน

รายการสื่อสารสนเทศ

ลำดับที่ ประเภท เลขเรียก/บาร์โค้ด สถานที่ สถานะ
1. การศึกษาทั่วไป
หนังสือสำรอง
สถานะ=หนังสือสำรอง
HF5549.5.J63 อ148ก ล.6 ฉ.1 
  Barcode: 008601
ห้องสมุดวิทยาเขตสวรรค์ประชารักษ์
►หนังสือทั่วไป
บนชั้น

รายการใกล้เคียง
    ผู้แต่ง [อธิวัฒน์ เจี่ยวิวรรธน์กุล]

    หัวเรื่อง [Job satisfaction]
    หัวเรื่อง [ความสุขในการทำงาน]
    หัวเรื่อง [ความพอใจในการทำงาน]
    หัวเรื่อง [คุณภาพชีวิตการทำงาน]

BibComment


ยังไม่เคยถูกคอมเมนท์

คอมเมนท์ทรัพยากรรายการนี้
  คอมเมนท์: สรรสาระองค์กรแห่..


 Copyright 2026. Bcnsprnw @Library